|
|
|
|
| LEADER |
01003nam a2200253 a 4500 |
| 001 |
2928317 |
| 008 |
100126s1989 dcua b 000 0 eng d |
| 010 |
|
|
|a 89049247
|
| 020 |
|
|
|a 082131422X
|
| 040 |
|
|
|a DLC
|c DLC
|d DLC
|d DB-DhAAL
|
| 082 |
0 |
0 |
|a 305.4/095491
|2 20
|
| 245 |
0 |
0 |
|a Women in Pakistan :
|b an economic and social strategy.
|
| 260 |
|
|
|a Washington, D.C., U.S.A. :
|b World Bank,
|c c1989.
|
| 300 |
|
|
|a xxxi, 192 p. :
|b ill. ;
|c 28 cm.
|
| 490 |
|
2 |
|a A World Bank country study,
|x 0253-2123
|
| 504 |
|
|
|a Includes bibliographical references (p. 103-107).
|
| 541 |
1 |
|
|e 00005610
|
| 650 |
|
0 |
|a Women in development
|z Pakistan.
|
| 650 |
|
0 |
|a Women
|x Government policy
|z Pakistan.
|
| 650 |
|
0 |
|a Women
|x Employment
|z Pakistan.
|
| 710 |
2 |
|
|a World Bank.
|
| 852 |
4 |
|
|a Ayesha Abed Library
|j General Shelf.
|
| 999 |
|
|
|c 7209
|d 7209
|
| 952 |
|
|
|0 0
|1 0
|2 ddc
|4 0
|6 305_409549100000000_WOM_1989
|7 0
|9 7501
|a BRACUL
|b BRACUL
|c GEN
|d 2010-01-26
|g 400.00
|l 0
|o 305.4095491 WOM
|p 3010005610
|r 2010-01-26
|t 1
|w 2010-01-26
|y BK
|z Not price in Register
|